<?xml version="1.0" encoding="UTF-8"?>
<record
    xmlns:xsi="http://www.w3.org/2001/XMLSchema-instance"
    xsi:schemaLocation="http://www.loc.gov/MARC21/slim http://www.loc.gov/standards/marcxml/schema/MARC21slim.xsd"
    xmlns="http://www.loc.gov/MARC21/slim">

  <leader>01054cam a2200253 i 4500</leader>
  <controlfield tag="001">sa 68000885 </controlfield>
  <controlfield tag="003">DLC</controlfield>
  <controlfield tag="005">20260227112428.0</controlfield>
  <controlfield tag="008">850129s1962    ii       b    000 0 hino </controlfield>
  <datafield tag="010" ind1=" " ind2=" ">
    <subfield code="a">sa 68000885 </subfield>
  </datafield>
  <datafield tag="040" ind1=" " ind2=" ">
    <subfield code="a">DLC</subfield>
    <subfield code="c">DLC</subfield>
    <subfield code="d">DLC</subfield>
  </datafield>
  <datafield tag="041" ind1="0" ind2=" ">
    <subfield code="a">hinraj</subfield>
  </datafield>
  <datafield tag="050" ind1="0" ind2="0">
    <subfield code="a">PK2708.9.D5</subfield>
    <subfield code="b">H5</subfield>
  </datafield>
  <datafield tag="130" ind1="0" ind2=" ">
    <subfield code="a">&#x1E0C;hol&#x101; M&#x101;r&#x16B; r&#x101; d&#x16B;h&#x101;.</subfield>
    <subfield code="l">Hindi and Rajasthani.</subfield>
  </datafield>
  <datafield tag="245" ind1="1" ind2="0">
    <subfield code="a">&#x1E0C;hol&#x101;m&#x101;r&#x16B;r&#x101; d&#x16B;h&#x101; :</subfield>
    <subfield code="b">R&#x101;jasth&#x101;n&#x12B; k&#x101; eka suprasiddha pr&#x101;c&#x12B;na lokag&#x12B;ta, p&#x101;&#x1E6D;h&#x101;ntara, Hind&#x12B; anuv&#x101;da, &#x1E6D;ippa&#x1E47;&#x12B;, &#x15B;abdakosha, pari&#x15B;ish&#x1E6D;a aura prast&#x101;van&#x101; ke s&#x101;tha samp&#x101;dita /</subfield>
    <subfield code="c">samp&#x101;daka R&#x101;masi&#x1E43;ha, S&#x16B;ryakara&#x1E47;a P&#x101;r&#x12B;ka aura Narottamad&#x101;sa Sv&#x101;m&#x12B;.</subfield>
  </datafield>
  <datafield tag="250" ind1=" " ind2=" ">
    <subfield code="a">3. sa&#x1E43;skara&#x1E47;a.</subfield>
  </datafield>
  <datafield tag="260" ind1=" " ind2=" ">
    <subfield code="a">K&#x101;&#x15B;&#x12B; :</subfield>
    <subfield code="b">N&#x101;gar&#x12B;prac&#x101;ri&#x1E47;&#x12B; Sabh&#x101;,</subfield>
    <subfield code="c">[1962/63]</subfield>
  </datafield>
  <datafield tag="300" ind1=" " ind2=" ">
    <subfield code="a">11, 173, 499 p. ;</subfield>
    <subfield code="c">22 cm.</subfield>
  </datafield>
  <datafield tag="500" ind1=" " ind2=" ">
    <subfield code="a">Hindi and Rajasthani; introductory matter in Hindi.</subfield>
  </datafield>
  <datafield tag="504" ind1=" " ind2=" ">
    <subfield code="a">Bibliography: p. [171]-173 (2d gr.)</subfield>
  </datafield>
  <datafield tag="700" ind1="1" ind2=" ">
    <subfield code="a">Singh, Ram,</subfield>
    <subfield code="c">M. A.</subfield>
  </datafield>
  <datafield tag="700" ind1="1" ind2=" ">
    <subfield code="a">P&#x101;r&#x12B;ka, S&#x16B;ryakara&#x1E47;a,</subfield>
    <subfield code="d">1902-1939.</subfield>
  </datafield>
  <datafield tag="700" ind1="1" ind2=" ">
    <subfield code="a">Dasa, Narottama,</subfield>
    <subfield code="c">Swami,</subfield>
    <subfield code="d">1905-</subfield>
  </datafield>
  <datafield tag="999" ind1=" " ind2=" ">
    <subfield code="c">77522</subfield>
    <subfield code="d">77522</subfield>
  </datafield>
</record>
